| 000 | 01095cam a22003375a 4500 | ||
|---|---|---|---|
| 001 | 15048137 | ||
| 003 | OSt | ||
| 005 | 20140310181721.0 | ||
| 008 | 071017s2006 enka 000 0 eng d | ||
| 010 | _a 2007534077 | ||
| 015 |
_aGBA675319 _2bnb |
||
| 016 | 7 |
_a013542446 _2Uk |
|
| 020 | _a9781862079168 (pbk.) | ||
| 020 | _a1862079161 (pbk.) | ||
| 035 | _a(OCoLC)ocm71239490 | ||
| 040 |
_aUKM _cUKM _dVP@ _dYDXCP _dHKP _dDLC |
||
| 042 |
_aukscp _alccopycat |
||
| 050 | 0 | 0 |
_aBD 31 _b.B144 2006 |
| 082 | 0 | 4 |
_aIB 153.4 _bB14 2006 |
| 100 | 1 | _aBaggini, Julian. | |
| 245 | 1 | 0 |
_aDo you think what you think you think? : _bthe ultimate philosophical quiz book / _cJulian Baggini. |
| 260 |
_aLondon : _bGranta Books, _c2006. |
||
| 300 |
_avii, 187 p. : _bill. ; _c20 cm. |
||
| 650 | 0 |
_aPhilosophy _vMiscellanea. |
|
| 650 | 0 |
_aThought and thinking _vMiscellanea. |
|
| 700 | 1 | _aStangroom, Jeremy. | |
| 906 |
_a0 _bibc _ccopycat _d3 _encip _f20 _gy-gencatlg |
||
| 942 |
_2lcc _cBK |
||
| 999 |
_c1984 _d1984 |
||